| 000 | 00607nam a2200217 a 4500 | ||
|---|---|---|---|
| 001 | BRCA_6541 | ||
| 005 | 20190320205510.0 | ||
| 008 | 290911s1913----gw-a######---#000-0#ger-# | ||
| 041 | _ager | ||
| 044 | _agw | ||
| 050 | 4 |
_aPT2333 _b.M5 A9 1913 |
|
| 100 | 1 |
_aSchmidt, Otto Ernst _d1862-1926 _916328 |
|
| 245 | 1 | 0 |
_aAus meinem Sommergarten, humoristische Plauderein _cvon Otto Ernst [pseud.]. |
| 260 |
_aLeipzig _bL. Staackmann _c1913 |
||
| 300 |
_a195 p. _bil. _c19 cm. |
||
| 500 | _aEdición con cantos dorados | ||
| 500 | _aL83 | ||
| 650 | 1 | 4 |
_aLiteratura Alemana _96160 |
| 902 | _aGFM | ||
| 942 |
_2lcc _cB |
||
| 999 |
_c6225 _d6225 |
||